Psicología del niño

Αποθηκεύτηκε σε:
Λεπτομέρειες βιβλιογραφικής εγγραφής
Κύριοι συγγραφείς: Piaget, Jean (Συγγραφέας), Inhelder, Bärbel (Συγγραφέας)
Μορφή: Βιβλίο
Γλώσσα:Ισπανικά
Έκδοση: Madrid Morata 1980
Έκδοση:9a. ed
Σειρά:Colección Psicología
Θέματα:
Ετικέτες: Προσθήκη ετικέτας
Δεν υπάρχουν, Καταχωρήστε ετικέτα πρώτοι!

MARC

LEADER 00000cam a2200000 a 4500
001 UCD2379
003 CL-VaPUC
008 160421e19800000sp |||||||||||||||||spa|d
020 |a 8471121034 
082 0 4 |a 155.4  |b PIA  |2 21 
100 0 |a Piaget, Jean  |e author  |9 308149 
700 |a Inhelder, Bärbel  |e author  |9 585720 
245 1 0 |a Psicología del niño 
250 |a 9a. ed 
300 |a 172 p 
942 |c BK 
945 |d 20160421 23:07:00  |a arojas 
260 |a Madrid  |b Morata  |c 1980 
650 0 |a Psicología del desarrollo  |9 307541 
650 0 |a Psicología evolutiva   |9 271069 
650 0 |a Psicología del niño  |9 307305 
583 |a last modification  |c 20160421 23:07:00  |k Rodrigo Vera 
490 0 |a Colección Psicología 
999 |c 363541  |d 363539 
952 |0 0  |1 0  |3 erb  |4 0  |6 155_400000000000000_PIA_1980  |7 0  |8 R  |9 476002  |a BIBEDU  |b BIBEDU  |e Villagrán Garnham, Jorge  |i 5300681  |l 1  |o 155.4 PIA 1980  |p 5300681  |r 2023-07-07  |s 2023-07-07  |w 2019-11-24  |y BK_R  |z Catalogado en:20160421  |k EPE